| 000 | 00791nam a2200229 i 4500 | ||
|---|---|---|---|
| 001 | 182904 | ||
| 003 | ES-MaACL | ||
| 005 | 20250824231410.0 | ||
| 008 | 131211s1949 sp |||| | spa d | ||
| 080 | _a891.81-311.2"19" | ||
| 100 | 1 |
_aVasov, Ivan. _9153945 |
|
| 245 | 1 | 0 |
_aBajo el yugo _b: novela / _cIvan Vasov ; [traducción del búlgaro por T. Neikov y J. A. Zúñiga]. |
| 250 | _a[1ª ed.]. | ||
| 260 |
_a[Barcelona] : _bJosé Janés, _c1949. |
||
| 300 |
_a444 p. con 1 h. de lám. 1 h. ; _c17 cm. |
||
| 490 | 1 | _aLa vuelta al mundo en ochenta libros. Bulgaria | |
| 700 | 1 |
_aNeïkov, Todor Petrov. _9153946 |
|
| 700 | 1 |
_aZúñiga, J. A. _9153947 |
|
| 830 | 1 | 3 |
_aLa vuelta al mundo en ochenta libros _9186522 |
| 852 | 4 |
_aES-MaACL _jD-7383 |
|
| 999 |
_c182904 _d182904 |
||